| 000 | 01046nam a2200265 a 4500 | ||
|---|---|---|---|
| 003 | EG-GiCUC | ||
| 008 | 061010s2002 ua a g 000 0 ara d | ||
| 017 |
_a2002 / 11030 _bمصر. دار الكتب. |
||
| 020 | _a9775735742 | ||
| 040 |
_aEG-GiCUC _bara _cEG-GiCUC |
||
| 092 | 0 | 4 |
_a004.678 _bA862 _221 |
| 099 |
_a04 _a004.678 A862 |
||
| 100 | 1 | _aابو العطا: مجدى محمد. | |
| 245 | 1 | 0 |
_aبرمجة الانترنت باستخدام xHTML / _cمجدى محمد ابو العطا |
| 250 | _aط. 1. | ||
| 260 |
_aالقاهرة : _bكمبيوساينس : _c2002 |
||
| 300 |
_a338 ص. : _bإيض. ؛ _c24سم+ _e1قرص ضوئى مليزر كمبيوتر ({u٠٠آإ}3 بو) |
||
| 490 | 1 |
_aسلسلة تيسير علوم الحاسب. _pمجموعة كتب البرمجة ؛ _v81 |
|
| 650 | 4 | _aالانترنت. | |
| 650 | 4 |
_aالانترنت _xبرامج. |
|
| 830 | 0 |
_aسلسلة تيسير علوم الحاسب . مجموعة كتب البرمجة ؛ _v81 |
|
| 902 | _a2 | ||
| 905 |
_aجيهان _eمدخل |
||
| 942 |
_2ddc _cBK |
||
| 999 |
_c87089 _d87089 |
||